Naruto Quiz(Easy) - Statistics

General Stats
  • This quiz has been taken 170 times
  • The average score is 12 of 15
Answer Stats
Questions Answer % Correct
Who massacred the Uchiha clan? itachi
97%
Whowas the first character shown to awaken the Mangekyo Sharingan? itachi
97%
Who is naruto best friend and thebiggest rival? sasuke
94%
What is the name of thetailed beast inside Naruto? kurama
93%
Who was the Fourth Hokage? minato
93%
Who kills Jiraya? pain
88%
What is Kakashi signature jutsu called? chidori
81%
Wich Akatskuki member uses puppetsto fight? sasori
81%
What is the name of Naruto's mother? kushina
80%
Which hokage as know as the"God of Shinobi"? hashirama
76%
What is the name of the team with Naruto? team 7
76%
Who is the true leader of the Akatsuki nagato
65%
What techinique does Naruto use tocreate multiple clones? shadow clone
63%
Who trained Naruto in sage mode? jiraya
56%
Which vilage does Gaara come from? sunagakure
26%
No matching quizzes found
Score Distribution
Percent of People with Each Score
Percentile by Number Answered
Your Score History
You have not taken this quiz